| 000 | 00751nam a2200229 a 4500 | ||
|---|---|---|---|
| 001 | BRCA_6962 | ||
| 005 | 20190320205648.0 | ||
| 008 | 221111s1921----gw-ab#####---#000-0#ger-# | ||
| 041 | _ager | ||
| 044 | _agw | ||
| 050 | 4 |
_aDB879 _b.K3 K5 _c1921 |
|
| 100 | 1 |
_aKlöpsch, Franz Xaver _917351 |
|
| 245 | 1 | 0 |
_aKarlsbad und Umgebung _bPraktischer Führer fur Kurgäste und Touristen _cbearbeitet von Franz Xaver Klöpsch |
| 260 |
_aBerlín _bAlbert Goldschmidt _c1921 |
||
| 300 |
_a96 p. _bil., 1 mapa _c15 cm. |
||
| 440 | 0 |
_aGriebens Reiseführer _v43 _917352 |
|
| 500 | _aEstado Físico: portada y primera página desprendida | ||
| 500 | _aL152 | ||
| 651 | 4 |
_aKarlovy Vary (República Checa) _vGuía de viajeros _917353 |
|
| 902 | _aGFM | ||
| 942 |
_2lcc _cB |
||
| 999 |
_c6644 _d6644 |
||